| 000 | 00795nam a2200229 a 4500 | ||
|---|---|---|---|
| 001 | 000006249 | ||
| 005 | 20250502073818.0 | ||
| 008 | 090827s1984 dr 001 0 spa d | ||
| 040 |
_aDO-SdBNP _bspa _cBNPHU |
||
| 082 |
_a346.07097293 _bD841p |
||
| 100 | 1 |
_aDucoudray, J. H. _917452 |
|
| 245 | 1 | 0 |
_aProyecto de código de comercio de la República Dominicana / _cJ. H. Ducoudray. |
| 260 |
_aSanto Domingo : _bONAP, _c1984. |
||
| 300 |
_a205 p. ; _c14 cm. |
||
| 490 | 1 |
_aEstudios jurídicos _vv. 27 |
|
| 490 | 1 | _aONAP | |
| 650 | 4 |
_aDerecho comercial _xLegislación _zRepública Dominicana _910077 |
|
| 710 | 1 |
_aRepública Dominicana. _bOficina Nacional de Administración y Personal _926398 |
|
| 830 | 0 |
_aEstudios jurídicos _nno. 27 _917453 |
|
| 830 |
_aONAP _910860 |
||
| 999 |
_a1 _n0000160 _c6044 _d6044 |
||
| 049 | _aBNPD | ||